<?xml version="1.0" encoding="UTF-8"?>
<record
    xmlns:xsi="http://www.w3.org/2001/XMLSchema-instance"
    xsi:schemaLocation="http://www.loc.gov/MARC21/slim http://www.loc.gov/standards/marcxml/schema/MARC21slim.xsd"
    xmlns="http://www.loc.gov/MARC21/slim">

  <leader>01504nam0a22003251  4500</leader>
  <controlfield tag="001">rc\459393</controlfield>
  <controlfield tag="005">20250621093030.0</controlfield>
  <datafield tag="035" ind1=" " ind2=" ">
    <subfield code="a">(NLR Aleph) 005703923</subfield>
  </datafield>
  <datafield tag="090" ind1=" " ind2=" ">
    <subfield code="a">7306748</subfield>
    <subfield code="c">7306748</subfield>
  </datafield>
  <datafield tag="100" ind1=" " ind2=" ">
    <subfield code="a">20030616d1987    |||y0rusy50      ca</subfield>
  </datafield>
  <datafield tag="101" ind1="0" ind2=" ">
    <subfield code="a">rus</subfield>
  </datafield>
  <datafield tag="102" ind1=" " ind2=" ">
    <subfield code="a">RU</subfield>
  </datafield>
  <datafield tag="105" ind1=" " ind2=" ">
    <subfield code="a">a   |||||||||</subfield>
  </datafield>
  <datafield tag="200" ind1="1" ind2=" ">
    <subfield code="a">&#x421;&#x438;&#x43D;&#x438;&#x435; &#x43A;&#x430;&#x447;&#x435;&#x43B;&#x438;</subfield>
    <subfield code="e">&#x421;&#x442;&#x438;&#x445;&#x43E;&#x442;&#x432;&#x43E;&#x440;&#x435;&#x43D;&#x438;&#x44F;. &#x41F;&#x43E;&#x44D;&#x43C;&#x44B;, 1956-1985</subfield>
    <subfield code="e">&#x41F;&#x435;&#x440;. &#x441; &#x431;&#x435;&#x43B;&#x43E;&#x440;&#x443;&#x441;.</subfield>
    <subfield code="f">&#x413;&#x435;&#x43D;&#x43D;&#x430;&#x434;&#x438;&#x439; &#x411;&#x443;&#x440;&#x430;&#x432;&#x43A;&#x438;&#x43D;</subfield>
    <subfield code="g">[&#x412;&#x441;&#x442;&#x443;&#x43F;. &#x441;&#x442;. &#x418;. &#x428;&#x43A;&#x43B;&#x44F;&#x440;&#x435;&#x432;&#x441;&#x43A;&#x43E;&#x433;&#x43E;]</subfield>
  </datafield>
  <datafield tag="210" ind1=" " ind2=" ">
    <subfield code="a">&#x41C;.</subfield>
    <subfield code="c">&#x425;&#x443;&#x434;&#x43E;&#x436;. &#x43B;&#x438;&#x442;.</subfield>
    <subfield code="d">1987</subfield>
  </datafield>
  <datafield tag="215" ind1=" " ind2=" ">
    <subfield code="a">381, [1] &#x441;., [1] &#x43B;. &#x43F;&#x43E;&#x440;&#x442;&#x440;.</subfield>
    <subfield code="d">13</subfield>
  </datafield>
  <datafield tag="327" ind1="1" ind2=" ">
    <subfield code="a">&#x421;&#x43E;&#x434;&#x435;&#x440;&#x436;.: &#x426;&#x438;&#x43A;&#x43B;&#x44B;: &#x414;&#x44B;&#x445;&#x430;&#x43D;&#x438;&#x435;; &#x416;&#x430;&#x442;&#x432;&#x430;; &#x418;&#x441;&#x442;&#x43E;&#x43A;; &#x41F;&#x43E;&#x44D;&#x43C;&#x44B;: &#x425;&#x430;&#x442;&#x44B;&#x43D;&#x441;&#x43A;&#x438;&#x439; &#x441;&#x43D;&#x435;&#x433;; &#x41F;&#x43E;&#x44D;&#x43C;&#x430; &#x440;&#x430;&#x441;&#x441;&#x442;&#x430;&#x432;&#x430;&#x43D;&#x438;&#x44F;; &#x427;&#x435;&#x442;&#x44B;&#x440;&#x435; &#x434;&#x443;&#x43C;&#x44B; &#x43E; &#x411;&#x435;&#x43B;&#x43E;&#x440;&#x443;&#x441;&#x441;&#x438;&#x438;</subfield>
  </datafield>
  <datafield tag="464" ind1=" " ind2="0">
    <subfield code="1">2001#$a&#x414;&#x44B;&#x445;&#x430;&#x43D;&#x438;&#x435;</subfield>
    <subfield code="t">&#x414;&#x44B;&#x445;&#x430;&#x43D;&#x438;&#x435;</subfield>
  </datafield>
  <datafield tag="464" ind1=" " ind2="0">
    <subfield code="1">2001#$a&#x416;&#x430;&#x442;&#x432;&#x430;</subfield>
    <subfield code="t">&#x416;&#x430;&#x442;&#x432;&#x430;</subfield>
  </datafield>
  <datafield tag="464" ind1=" " ind2="0">
    <subfield code="1">2001#$a&#x418;&#x441;&#x442;&#x43E;&#x43A;</subfield>
    <subfield code="t">&#x418;&#x441;&#x442;&#x43E;&#x43A;</subfield>
  </datafield>
  <datafield tag="464" ind1=" " ind2="0">
    <subfield code="1">2001#$a&#x425;&#x430;&#x442;&#x44B;&#x43D;&#x441;&#x43A;&#x438;&#x439; &#x441;&#x43D;&#x435;&#x433;</subfield>
    <subfield code="t">&#x425;&#x430;&#x442;&#x44B;&#x43D;&#x441;&#x43A;&#x438;&#x439; &#x441;&#x43D;&#x435;&#x433;</subfield>
  </datafield>
  <datafield tag="464" ind1=" " ind2="0">
    <subfield code="1">2001#$a&#x41F;&#x43E;&#x44D;&#x43C;&#x430; &#x440;&#x430;&#x441;&#x441;&#x442;&#x430;&#x432;&#x430;&#x43D;&#x438;&#x44F;</subfield>
    <subfield code="t">&#x41F;&#x43E;&#x44D;&#x43C;&#x430; &#x440;&#x430;&#x441;&#x441;&#x442;&#x430;&#x432;&#x430;&#x43D;&#x438;&#x44F;</subfield>
  </datafield>
  <datafield tag="464" ind1=" " ind2="0">
    <subfield code="1">2001#$a&#x427;&#x435;&#x442;&#x44B;&#x440;&#x435; &#x434;&#x443;&#x43C;&#x44B; &#x43E; &#x411;&#x435;&#x43B;&#x43E;&#x440;&#x443;&#x441;&#x441;&#x438;&#x438;</subfield>
    <subfield code="t">&#x427;&#x435;&#x442;&#x44B;&#x440;&#x435; &#x434;&#x443;&#x43C;&#x44B; &#x43E; &#x411;&#x435;&#x43B;&#x43E;&#x440;&#x443;&#x441;&#x441;&#x438;&#x438;</subfield>
  </datafield>
  <datafield tag="700" ind1=" " ind2="1">
    <subfield code="7">ca</subfield>
    <subfield code="8">rus</subfield>
    <subfield code="a">&#x411;&#x443;&#x440;&#x430;&#x432;&#x43A;&#x438;&#x43D;</subfield>
    <subfield code="b">&#x413;. &#x41D;.</subfield>
    <subfield code="f">1936-2014</subfield>
    <subfield code="g">&#x413;&#x435;&#x43D;&#x43D;&#x430;&#x434;&#x438;&#x439; &#x41D;&#x438;&#x43A;&#x43E;&#x43B;&#x430;&#x435;&#x432;&#x438;&#x447;</subfield>
    <subfield code="9">200030</subfield>
    <subfield code="3">RU\NLR\AUTH\770200081</subfield>
  </datafield>
  <datafield tag="801" ind1=" " ind2="0">
    <subfield code="a">RU</subfield>
    <subfield code="b">NLR</subfield>
    <subfield code="g">psbo</subfield>
  </datafield>
  <datafield tag="801" ind1=" " ind2="1">
    <subfield code="a">RU</subfield>
    <subfield code="b">ELAR</subfield>
    <subfield code="2">rusmarc</subfield>
  </datafield>
  <datafield tag="852" ind1=" " ind2=" ">
    <subfield code="a">NLR</subfield>
    <subfield code="j">88-1/9</subfield>
  </datafield>
  <datafield tag="942" ind1=" " ind2=" ">
    <subfield code="c">BOOK</subfield>
  </datafield>
  <datafield tag="980" ind1=" " ind2=" ">
    <subfield code="a">NB</subfield>
  </datafield>
  <datafield tag="995" ind1=" " ind2=" ">
    <subfield code="5">2013-10-26</subfield>
    <subfield code="b">NLR01</subfield>
    <subfield code="c">NLR01</subfield>
    <subfield code="e">RF9</subfield>
    <subfield code="f">5703923-10</subfield>
    <subfield code="k">88-1/9</subfield>
    <subfield code="o">0</subfield>
    <subfield code="r">BOOK</subfield>
    <subfield code="s">8819_</subfield>
  </datafield>
</record>
